000 00442nam a2200181Ia 4500
001 19453
005 20260306172654.0
008 260306t2018||||xx |||||||||||||| ||spa||
041 _aESP
082 _a346C5
_bM86
100 _aMorales Silva, Silvia
_eAUT
245 0 _aCódigo civil & código procesal civil
260 _c2018
300 _a1119 páginas :
_c22 cm.
650 _aGEN
654 _aCDE
942 _cLIB
_dJUS
_fJUS
_2ddc
_n
999 _c19453
_d19453